000 01145cgm a2200301 4500
001 B3216
008 090401t1986 xxu||||| |||| 00| 0 eng d
035 _a(Sirsi) u54784
041 _aeng
050 _a333.336
_c18
100 _aTaylor, C. A.
245 _aHigh tech buildings
_h[sound recording]
260 _aLondon
_bRoyal Institution of Chartered Surveyors
_c1986
300 _a1 sound cassette (ca. 60 min.)
350 _a10
490 _aOwlion Audio Programme
520 _aThese buildings herald anew era and philosophy in the design and construction of buildings to meet modern and future needs of industry and commerce. The contributors explain current trends and demonstrate how the various agencies are co-operating to meet future challenges.
650 _aBUILT ENVIRONMENT-CONSTRUCTION DESIGN
650 _aHIGH TEC BUILDINGS
690 _aBUILT ENVIRONMENT-CONSTRUCTION DESIGN
700 _aThomson, Tony
700 _aBowers, Ray
700 _aCampbell, Ian
710 _aCollege of Estate Management
_9400
710 _aRoyal Institution of Chartered Surveyors
_94900
942 _n0
948 _c04/03/1997
999 _c85304
_d85304